| 000 | 00497nam a2200181Ia 4500 | ||
|---|---|---|---|
| 008 | 151018s9999 xx 000 0 und d | ||
| 082 |
_bRBASDV34876 _a891.468 |
||
| 100 | _aकलंदर | ||
| 245 | _aकानोकानी | ||
| 250 | _b1 | ||
| 260 |
_bरोहन प्रकाशन पुणे _c1996 |
||
| 300 | _a175 | ||
| 600 | _aकलंदर | ||
| 630 | _aकानोकानी | ||
| 700 | _aकलंदर | ||
| 730 | _aकानोकानी | ||
| 942 | _cBOOK | ||
| 999 |
_c1034360 _d1034357 |
||